Giáo trình cấp thoát nước trong nhà

Nội dung giáo trình có 3 phần chính về cung cấp, thoát nước và kĩ thuật cấp thoát nước trong nhà nhằm giúp cho sinh viên chuyên ngành Cấp thoát nước có tài liệu học tập, tham khảo chuyên ngành Xây dựng dân dụng và công nghiệp...

Cur síos iomlán

Đã lưu trong:
Sonraí Bibleagrafaíochta
Príomhúdar: Trần, Thị Mai
Formáid: Leabhar
Teanga:Undetermined
Foilsithe: Hà Nội Xây dựng 2009
Ábhair:
Clibeanna: Cuir Clib Leis
Gan Chlibeanna, Bí ar an gcéad duine leis an taifead seo a chlibeáil!
Thư viện lưu trữ: Trung tâm Học liệu Trường Đại học Cần Thơ
LEADER 01110nam a2200217Ia 4500
001 CTU_168496
008 210402s9999 xx 000 0 und d
020 |c 52000 
082 |a 696.1 
082 |b M103 
100 |a Trần, Thị Mai 
245 0 |a Giáo trình cấp thoát nước trong nhà 
245 0 |c Trần Thị Mai (Chủ biên), Trần Thị Sen, Nguyễn Đình Hải 
260 |a Hà Nội 
260 |b Xây dựng 
260 |c 2009 
520 |a Nội dung giáo trình có 3 phần chính về cung cấp, thoát nước và kĩ thuật cấp thoát nước trong nhà nhằm giúp cho sinh viên chuyên ngành Cấp thoát nước có tài liệu học tập, tham khảo chuyên ngành Xây dựng dân dụng và công nghiệp 
650 |a Water,Water-supply engineering,Drainage, house,Nước,Kỹ thuật cung cấp nước,Thoát nước trong nhà 
650 |x Distribution,Phân phối 
904 |i Bạch Trúc 
980 |a Trung tâm Học liệu Trường Đại học Cần Thơ